[Event "Dortmund Sparkassen op-B"]
[Site "Dortmund"]
[Date "2012.07.15"]
[Round "2"]
[White "Bakshi, Raj"]
[Black "Stukemeier, Ralf"]
[Result "0-1"]
[WhiteElo "1589"]
[BlackElo "1786"]
[PlyCount "86"]
[EventDate "2012.07.14"]
[EventType "swiss"]
[EventRounds "9"]
[EventCountry "GER"]
[SourceTitle "EXT 2014"]
[Source "ChessBase"]
[SourceDate "2013.11.20"]
[SourceVersion "1"]
[SourceVersionDate "2013.11.20"]
[SourceQuality "1"]

1. Nf3 d5 2. c4 e6 3. e3 Nf6 4. d4 Be7 5. Nc3 0-0 6. Bd3 dxc4 7. Bxc4 c5 8. 0-0 a6 9. dxc5 Bxc5 10. Qc2 Nbd7 11. b3 b5 12. Be2 Bb7 13. Bb2 Qe7 14. Rac1 Rfc8 15. Qb1 h6 16. Rfd1 Bb4 17. Nd2 e5 18. Nde4 Nxe4 19. Nxe4 Nf6 20. Bf3 Nxe4 21. Bxe4 Re8 22. Bxb7 Qxb7 23. Qf5 Qe7 24. h3 Ra7 25. Rd5 f6 26. Rcd1 Qe6 27. Qe4 Bf8 28. Rd8 Rxd8 29. Rxd8 Rd7 30. Qa8 Rxd8 31. Qxd8 Qd6 32. Qa8 b4 33. Qc8 Qd1+ 34. Kh2 Qd2 35. Qe6+ Kh7 36. Qf5+ Kg8 37. Qe6+ Kh7 38. Qf5+ g6 39. Qxf6 Bg7 40. Bc1 Qxa2 41. Qc6 Qxf2 42. Qxa6 e4 43. Qc4 Be5+ 0-1

[Event "Dortmund Sparkassen op-B"]
[Site "Dortmund"]
[Date "2011.07.24"]
[Round "2"]
[White "Stukemeier, Ralf"]
[Black "Yangibayev, Rustam"]
[Result "1-0"]
[WhiteElo "1842"]
[BlackElo "1404"]
[PlyCount "76"]
[EventDate "2011.07.23"]
[EventType "swiss"]
[EventRounds "9"]
[EventCountry "GER"]
[SourceTitle "EXT 2013"]
[Source "ChessBase"]
[SourceDate "2012.11.22"]
[SourceVersion "1"]
[SourceVersionDate "2012.11.22"]
[SourceQuality "1"]

1. e4 c6 2. d4 d5 3. exd5 cxd5 4. c4 Nf6 5. Nc3 e6 6. Nf3 Be7 7. cxd5 Nxd5 8. Bd3 0-0 9. 0-0 Nf6 10. Re1 Nc6 11. Bg5 h6 12. Bh4 Kh8 13. Bb5 Nd5 14. Bg3 Bd6 15. Bxd6 Qxd6 16. Rc1 Nce7 17. Qe2 Ng6 18. Ne5 Nf6 19. Nxg6+ fxg6 20. Rcd1 Qf4 21. Rd3 Ng4 22. g3 Qxf2+ 23. Qxf2 Nxf2 24. Rd2 Nh3+ 25. Kg2 Ng5 26. h4 Nh7 27. Bc4 Re8 28. Nb5 Re7 29. d5 a6 30. d6 Rf7 31. Nc7 Ra7 32. Bxe6 Bxe6 33. Rxe6 Rd7 34. Re8+ Nf8 35. Rxf8+ Kh7 36. Ra8 Rxa8 37. Nxa8 Kg8 38. Nb6 Rd8 1-0

[Event "Bielefeld Gr4"]
[Site "Bielefeld"]
[Date "2006.06.04"]
[Round "4"]
[White "Brekenkamp, Juergen"]
[Black "Stukemeier, Ralf"]
[Result "0-1"]
[WhiteElo "1766"]
[BlackElo "1740"]
[PlyCount "54"]
[EventDate "2006.06.02"]
[EventType "tourn"]
[EventRounds "7"]
[EventCountry "GER"]
[SourceTitle "EXT 2007"]
[Source "ChessBase"]
[SourceDate "2006.11.23"]
[SourceVersion "1"]
[SourceVersionDate "2006.11.23"]
[SourceQuality "1"]

1. e4 e5 2. f4 exf4 3. Nf3 g5 4. h4 g4 5. Ne5 h5 6. d4 d6 7. Nd3 Bg7 8. Nxf4 c5 9. dxc5 dxc5 10. Qxd8+ Kxd8 11. Bc4 Nc6 12. Bxf7 Nf6 13. Ng6 Nxe4 14. Nxh8 Bxh8 15. 0-0 Bd4+ 16. Kh2 g3+ 17. Kh1 Nf2+ 18. Rxf2 gxf2 19. Bc4 Bf6 20. g3 Be6 21. Bf1 Bd5+ 22. Kh2 Nd4 23. Nd2 Nxc2 24. Rb1 Bxa2 25. Kg2 Bd4 26. Bd3 Bxb1 27. Nxb1 Ne1+ 0-1

[Event "Werther Schloss op-C 12th"]
[Site "Werther"]
[Date "2006.04.09"]
[Round "5"]
[White "Stoilov, Mile"]
[Black "Stukemeier, Ralf"]
[Result "0-1"]
[WhiteElo "1595"]
[BlackElo "1764"]
[PlyCount "84"]
[EventDate "2006.04.07"]
[EventType "swiss"]
[EventRounds "5"]
[EventCountry "GER"]
[SourceTitle "EXT 2008"]
[Source "ChessBase"]
[SourceDate "2007.11.25"]
[SourceVersion "1"]
[SourceVersionDate "2007.11.25"]
[SourceQuality "1"]

1. e4 e5 2. Nf3 Nc6 3. Bb5 a6 4. Ba4 Nf6 5. d3 b5 6. Bb3 Be7 7. Nc3 0-0 8. Be3 d6 9. 0-0 Nb8 10. h3 Bb7 11. Re1 Nbd7 12. a3 Re8 13. Ng5 Rf8 14. Nf3 c6 15. Bg5 h6 16. Bd2 Re8 17. Nh4 Nc5 18. Ba2 Bc8 19. Nf3 Bf8 20. Be3 Ncd7 21. d4 Bb7 22. b4 a5 23. Nh4 axb4 24. axb4 exd4 25. Bxd4 Nxe4 26. Bxf7+ Kxf7 27. Qh5+ Kg8 28. Rxa8 Bxa8 29. Rxe4 Rxe4 30. Nxe4 c5 31. Nxd6 Bxd6 32. bxc5 Be7 33. Nf5 Bf6 34. Be3 Ne5 35. Nd6 Qd7 36. Bf4 Nf7 37. Nf5 Be4 38. Ne3 Bg5 39. Bxg5 Nxg5 40. Kh2 Qc7+ 41. Kg1 Qxc5 42. h4 Nh3+ 0-1

[Event "Werther Schloss op-C 12th"]
[Site "Werther"]
[Date "2006.04.08"]
[Round "3"]
[White "Koehler, Wilfried"]
[Black "Stukemeier, Ralf"]
[Result "1/2-1/2"]
[WhiteElo "1685"]
[BlackElo "1764"]
[PlyCount "68"]
[EventDate "2006.04.07"]
[EventType "swiss"]
[EventRounds "5"]
[EventCountry "GER"]
[SourceTitle "EXT 2008"]
[Source "ChessBase"]
[SourceDate "2007.11.25"]
[SourceVersion "1"]
[SourceVersionDate "2007.11.25"]
[SourceQuality "1"]

1. d4 Nf6 2. Nf3 g6 3. Nbd2 Bg7 4. e4 d6 5. Bd3 0-0 6. 0-0 e5 7. c3 Nbd7 8. Nc4 Re8 9. dxe5 dxe5 10. Bg5 h6 11. Bh4 g5 12. Bg3 Nh7 13. Qc2 Nhf8 14. Rad1 Ng6 15. Ne3 Nf4 16. Bc4 h5 17. Qb3 Rf8 18. Nf5 Qf6 19. Nxg7 Kxg7 20. h4 g4 21. Ng5 Nc5 22. Qc2 Nce6 23. Nxe6+ Bxe6 24. Bxf4 Bxc4 25. Bg5 Qa6 26. Rfe1 Be6 27. Qd2 Bxa2 28. Ra1 Qe6 29. Rxa2 Qxa2 30. Bh6+ Kh7 31. Bxf8 Rxf8 32. Qg5 Qe6 33. Qxh5+ Kg7 34. Qg5+ Kh7 1/2-1/2

[Event "Werther Schloss op-B 10th"]
[Site "Werther"]
[Date "2004.04.04"]
[Round "4"]
[White "Stukemeier, Ralf"]
[Black "Hansen, Heiko"]
[Result "1-0"]
[WhiteElo "1667"]
[BlackElo "1564"]
[PlyCount "123"]
[EventDate "2004.04.02"]
[EventType "swiss"]
[EventRounds "5"]
[EventCountry "GER"]
[SourceTitle "EXT 2006"]
[Source "ChessBase"]
[SourceDate "2005.11.24"]
[SourceVersion "1"]
[SourceVersionDate "2005.11.24"]
[SourceQuality "1"]

1. e4 e6 2. d3 d5 3. Nd2 c5 4. Ngf3 Nc6 5. g3 Qc7 6. Bg2 d4 7. 0-0 e5 8. a4 Bg4 9. h3 Bh5 10. Nc4 Bd6 11. g4 Bg6 12. Nxd6+ Qxd6 13. Nh4 f6 14. Nf5 Bxf5 15. exf5 Nge7 16. f4 0-0-0 17. Qf3 Nd5 18. fxe5 fxe5 19. Bg5 Rd7 20. Rae1 h6 21. Bc1 Re8 22. Rf2 Nf6 23. Rfe2 Nh7 24. Qg3 Rde7 25. b3 Nb4 26. h4 Nd5 27. Rf2 Nf4 28. Be4 Nf6 29. Ref1 Nxe4 30. dxe4 g5 31. h5 Qa6 32. Kh2 Qc6 33. Qf3 a6 34. Bb2 Rd7 35. Rd1 Kd8 36. Rfd2 Ke7 37. Re1 Kf6 38. Red1 Red8 39. Ba3 a5 40. Bb2 b6 41. Ba1 Qb7 42. Bb2 Qa6 43. c4 Qb7 44. Rf2 Re8 45. Bc1 Rde7 46. Bxf4 exf4 47. e5+ Kxe5 48. Qxb7 Rxb7 49. Re2+ Kf6 50. Rxe8 Rd7 51. Re6+ Kg7 52. Rd3 Rb7 53. Kg2 Rb8 54. Kf3 Rb7 55. Ke4 Kf7 56. Kd5 Rd7+ 57. Kc6 Rd8 58. Kxb6 f3 59. Rxf3 d3 60. Rf1 d2 61. Rd1 Rd3 62. Kxc5 1-0